000
00354nam a2200145Ia 4500
008
151018s9999 xx 000 0 und d
082
_b
RBASDV40223
_a
891.463
245
_a
व्हीनस
250
_b
1
260
_b
मधुराज
_c
2005
300
_a
156
630
_a
व्हीनस
730
_a
व्हीनस
942
_c
BOOK
999
_c
1039503
_d
1039500